006930000a22001810004500090001400000245008100014650002500095650002000120650002400140653003200164041001300196700003200209100002900241942001300270773005300283999001700336952015800353 aARb0264510aHumidity acclimation and skin permeability in the lizard Anolis carolinensis14aHerpetología9802714aLagartos99307114aFisiología915628 gAnoliseAnolis carolinensis0 aInglés1 aLillywhite, Harvey B9961431 aKattan, Gustavo H.94374 cARTICULO1 tPhysiological Zoology3429h2q593-606d1989g62 c11707d11707 001040718HEMEROTECAaBogotabBogotad2015-02-27hFuera de circulaciónl0oAR 02645p013059r2015-03-25 00:00:00t1w2015-03-25xDonaciónyARTICULO